Normal view
MARC view
- Khurmi, R. S.
Entry Personal Name
001 - CONTROL NUMBER
- control field: 1442
003 - CONTROL NUMBER IDENTIFIER
- control field: OSt
005 - DATE AND TIME OF LATEST TRANSACTION
- control field: 20160905110331.0
008 - FIXED-LENGTH DATA ELEMENTS
- fixed length control field: 160905|| aca||aabn | a|a d
040 ## - CATALOGING SOURCE
- Original cataloging agency: OSt
- Transcribing agency: OSt
100 ## - HEADING--PERSONAL NAME
- Personal name: Khurmi, R. S.
670 ## - SOURCE DATA FOUND
- Source citation: Work cat.: (OSt)369: Khurmi, R. S., Strength of Materials: (Mechanics of Solids) (SI Units), 2012
